书目信息 |
| 题名: |
生物案例教学论
|
|
| 作者: | 姚宝骏 , 陆建身 编著 | |
| 分册: | ||
| 出版信息: | 合肥 安徽教育出版社 2013.08 |
|
| 页数: | 328页 | |
| 开本: | 24cm | |
| 丛书名: | 学科案例教学论书系 | |
| 单 册: | ||
| 中图分类: | G633.912 | |
| 科图分类: | ||
| 主题词: | 生物课--教案(教育)--中学 , 生物课 , 教案(教育) | |
| 电子资源: | ||
| ISBN: | 978-7-5336-6449-7 | |
| 000 | 01083oam2 2200313 450 | |
| 001 | 0120131150297 | |
| 005 | 20140611150340.78 | |
| 010 | @a978-7-5336-6449-7@dCNY39.80 | |
| 100 | @a20131021d2013 em y0chiy0110 ea | |
| 101 | 0 | @achi |
| 102 | @aCN@b340000 | |
| 105 | @aak z 000yy | |
| 106 | @ar | |
| 200 | 1 | @a生物案例教学论@9sheng wu an li jiao xue lun@f姚宝骏,陆建身编著 |
| 210 | @a合肥@c安徽教育出版社@d2013.08 | |
| 215 | @a328页@c图@d24cm | |
| 225 | 2 | @a学科案例教学论书系 |
| 300 | @a教育部普通高等学校人文社会科学重点研究基地——华东师范大学课程与教学研究所研究成果 | |
| 330 | @a本书共分为十章,主要内容包括:生物教学有效性分析;生物教材分析;学生基础分析;教学方法的选择与优化;生物科学概念教学等。 | |
| 333 | @a教育工作者 | |
| 461 | 0 | @12001 @a学科案例教学论书系@1701 0@a王祖浩@4总主编 |
| 606 | 0 | @a生物课@x教案(教育)@x中学 |
| 606 | 0 | @a生物课 |
| 606 | 0 | @a教案(教育) |
| 690 | @aG633.912@v5 | |
| 701 | 0 | @a姚宝骏@9yao bao jun@4编著 |
| 701 | 0 | @a陆建身@9lu jian shen@4编著 |
| 801 | 0 | @aCN@b人天书店@c20131021 |
| 905 | @b845231-34@dG633.912@e141@f4 | |
| 生物案例教学论/姚宝骏,陆建身编著.-合肥:安徽教育出版社,2013.08 |
| 328页:图;24cm.-(学科案例教学论书系) |
| 教育部普通高等学校人文社会科学重点研究基地——华东师范大学课程与教学研究所研究成果.-使用对象:教育工作者 |
| ISBN 978-7-5336-6449-7:CNY39.80 |
| 本书共分为十章,主要内容包括:生物教学有效性分析;生物教材分析;学生基础分析;教学方法的选择与优化;生物科学概念教学等。 |
| ● |
| 相关链接 |
|
|
|
|
正题名:生物案例教学论
索取号:G633.912/141
 
预约/预借
| 序号 | 登录号 | 条形码 | 馆藏地/架位号 | 状态 | 备注 |
| 1 | 845231 | 208452315 | 第一样本阅览室/ [索取号:G633.912/141] | 在馆 | |
| 2 | 845232 | 208452324 | 第四借阅区/ [索取号:G633.912/141] | 在馆 | |
| 3 | 845233 | 208452333 | 第四借阅区/ [索取号:G633.912/141] | 在馆 | |
| 4 | 845234 | 208452342 | 密集书库-生命科学系/ [索取号:G633.912/141] | 在馆 |